00315nam a2200121Ia 4500003000400000008004100004040001600045082001700061245004400078260005500122300001100177490000500188GCL140319s9999 xx 000 0 ara d aGCL / cGCL04a212.3bع م10aمشاهير نساء اهل النار a[S.N] : bمكتبة التراث الاسلامى a128 ص a